000 00660 a2200241 4500
001 63585
005 20260407155934.0
008 260407a1976 arg spa d
003 AR-UNSa-BCEJYS
040 _aAR-UNSa-BCEJYS
_bspa
_cAR-UNSa-BCEJYS
080 _a004.43
_xLenguajes de programación de ordenadores
245 1 0 _aProgramación Cobol
_pComplemento del texto
020 _a978-968-18-0852-5
264 1 _aMéxico :
_bLimusa
_c1976
300 _a211 p.
_c28 cm.
041 _aspa
942 _cBK
590 _aniveau_biblio:m niveau_hierar:0
100 1 _aStern, Robert A.
700 1 _aStern, Nancy B.
650 _aCOBOL
650 _a cobol
999 _c8243
_d8243